| 000 | 00823nam a2200229 a 4500 | ||
|---|---|---|---|
| 001 | 000036852 | ||
| 005 | 20200930075957.0 | ||
| 008 | 120202s1979 mx 000 0 spa d | ||
| 040 |
_aDO-SdBNP _bspa _cBNPHU |
||
| 041 | 1 | 7 |
_aspa _hfre |
| 100 | 1 |
_aLojkine, Jean _963203 |
|
| 245 | 1 | 3 |
_aEl marxismo, el estado y la cuestión urbana / _cpor Jean Lojkine ; traducción de Félix Blanco. |
| 260 |
_aMéxico : _bSiglo Veintiuno Editores, _c1979. |
||
| 300 |
_a337 p. ; _c22 cm. |
||
| 490 | 0 | _aArquitectura y urbanismo | |
| 534 |
_pTít. original: _tLe marxisme, l'état et la question urbaine |
||
| 650 | 2 | 4 |
_aPlanificación urbana _zFrancia _963204 |
| 650 | 2 | 4 |
_aCapitalismo _zFrancia _963205 |
| 651 | 4 |
_aFrancia _xPolítica Urbana _963206 |
|
| 700 | 1 |
_aBlanco, Félix, _etrad. _963207 |
|
| 830 | 0 |
_aArquitectura y urbanismo _934097 |
|
| 999 |
_c36343 _d36343 |
||